000 00498nam a2200121Ia 4500
008 220216s9999 xx 000 0 und d
100 _aKorah A.C.
245 0 _aInformation needs and use pattern: A study with special reference to the scientists in the Rubber Research Institute of India
260 _bM.L.I.Sc. Dissertation, Department of Library and Information Science, University of Kerala, Trivandrum, India, 128 p.
_c1989
650 _aInformation need
650 _aUse pattern
942 _cBS
999 _c52585
_d52585